Pagbuo at kabisaan ng e-silid-tanghalan sa pagtuturo ng ibong adarna sa Filipino 7/ (Record no. 81956)

MARC details
000 -LEADER
fixed length control field 02323nam a22002297a 4500
003 - CONTROL NUMBER IDENTIFIER
control field URS
005 - DATE AND TIME OF LATEST TRANSACTION
control field 20250210160554.0
008 - FIXED-LENGTH DATA ELEMENTS--GENERAL INFORMATION
fixed length control field 250130b |||||||| |||| 00| 0 eng d
050 00 - LIBRARY OF CONGRESS CALL NUMBER
Classification number LG 221.R59
Item number .B591 2022
100 1# - MAIN ENTRY--PERSONAL NAME
Personal name Blancaflor, Cecile Castro
Relator term Researcher
245 10 - TITLE STATEMENT
Title <a href="Pagbuo at kabisaan ng e-silid-tanghalan sa pagtuturo ng ibong adarna sa Filipino 7/">Pagbuo at kabisaan ng e-silid-tanghalan sa pagtuturo ng ibong adarna sa Filipino 7/</a>
Statement of responsibility, etc Cecile Castro Blancaflor
260 #1 - PUBLICATION, DISTRIBUTION, ETC. (IMPRINT)
Date of publication, distribution, etc 2022
300 ## - PHYSICAL DESCRIPTION
Extent xiii, 90 leaves
Other physical details illustrations,
Dimensions 28cm.
336 ## - CONTENT TYPE
Source rdacontent
Content type term text
337 ## - MEDIA TYPE
Source rdamedia
Media type term unmediated
338 ## - CARRIER TYPE
Source rdacarrier
Carrier type term volume
502 ## - DISSERTATION NOTE
Dissertation note GS THESIS
Degree type Master sa Sining ng Pagtuturo Medyor sa Filipino
Name of granting institution University of Rizal System, Rodriguez, Rizal<br/>
Year degree granted year of 2022
520 ## - SUMMARY, ETC.
Summary, etc Ang pag-aaral na ito ay naglayong makabuo at malaman ang kabisaan ng E-silid-tanghalan sa Pagtuturo ng Ibong Adama sa Filipino 7 bilang suplemental na kagamitang pampagtuturo at pampagkatuto sa Obra Maestrang Ibong Adarna ng mga piling mag-aaral na nasa modang online distance learning sa Baitang 7 ng Paaralang Sekondarya ng Judge Feliciano Belmonte Sr, taong panuruan 2021-2022<br/><br/>Nakabuo ang mananaliksik ng E-silid-tanghalan mula sa mga paksang nakabatay sa mga kasanayan gamit ang google sites laman ang video ng mga pagtatanghal na shadow play, paper puppet show, powerpoint at video lesson, pagsasadula, mimesis, monologo, pagsasaboses o pagsasatinig ng mga ito ng mananaliksik at higit sa lahat paggamit ng iba't ibang multimedia at aplikasyon sa bawat kabanata sa pagtalakay sa mahahalagang pangyayari sa Ibong Adarna. Ipinabalideyt ang nabuong E-silid-tanghalan sa mga eksperto. Tinanggap at sinunod ang mga mungkahing pagbabago at pagsasaayos sa E-silid-tanghalan.<br/><br/>Gumamit ang mananaliksik ng eksperimental na metodo sa pag-alam ng kabisaan ng E-silid-tanghalan, sa pamamagitan ng pagtatalaga ng dalawang grupo ng tagatugon. Ang pangkat eksperimental para gamitin ang binuong E-silid-tanghalan at pangkat kontrol upang turuan gamit ang modyul na parehong nasa online distance learning. Ang naging resulta ng istatistika na ginamit sa pagsusuri ng mga pagsusulit ng mga grupo ng tagatugon ang batayan ng kabisaan ng nilikhang E-silid-tanghalan.
650 ## - SUBJECT ADDED ENTRY--TOPICAL TERM
Source of heading or term kabisaan ng E-silid-tanghalan sa Pagtuturo Ibong Adama - Filipino 7
700 ## - ADDED ENTRY--PERSONAL NAME
Personal name Villegas, Roger, C., Ph.D
Relator term Adviser
942 ## - ADDED ENTRY ELEMENTS (KOHA)
Source of classification or shelving scheme Library of Congress Classification
Koha item type Theses and dissertations
Holdings
Withdrawn status Source of classification or shelving scheme Damaged status Not for loan Home library Current library Shelving location Date acquired Total Checkouts Full call number Barcode Date last seen Copy number Koha item type
  Library of Congress Classification   Not For Loan Rodriguez College Library Rodriguez College Library Graduate School Theses & Dissertations 01/30/2025   LG 221.R59 .B591 2022 URSROD-GST-0282 01/30/2025 1 Theses and dissertations

University of Rizal System
Email us at univlibservices@urs.edu.ph

Visit our Website www.urs.edu.ph/library